Подробности
| 000 -МАРКЕР |
| контрольное поле |
01997nam0a22003851 4500 |
| 001 - ИДЕНТИФИКАТОР ЗАПИСИ |
| контрольное поле |
RU\INFOCOMM_327\NLR\5000035206 |
| 005 - ИДЕНТИФИКАТОР ВЕРСИИ |
| контрольное поле |
20250613110842.0 |
| 035 ## - ДРУГИЕ СИСТЕМНЫЕ НОМЕРА |
| Идентификатор записи |
(NLR Aleph) 009575894 |
| 100 ## - ДАННЫЕ ОБЩЕЙ ОБРАБОТКИ |
| Данные общей обработки |
20130220d1968 |||y0rusy50 ca |
| 101 0# - ЯЗЫК РЕСУРСА |
| Язык текста, звукозаписи и т.д. |
английский |
| 102 ## - СТРАНА ПУБЛИКАЦИИ ИЛИ ПРОИЗВОДСТВА |
| Страна публикации |
российская федерация |
| 105 ## - ПОЛЕ КОДИРОВАННЫХ ДАННЫХ: ТЕКСТОВЫЕ МАТЕРИАЛЫ, МОНОГРАФИЧЕСКИЕ |
| Кодированные данные о монографическом текстовом документе |
y z ||||| |
| 200 1# - ЗАГЛАВИЕ И СВЕДЕНИЯ ОБ ОТВЕТСТВЕННОСТИ |
| Основное заглавие |
Development of heat recovery plants in Italy in the five-year period 1962-1967 |
| Параллельное заглавие |
Évolution des installations thermiques à récupération en Italie de 1962 à 1967 |
| -- |
Развитие установок по рекуперации тепла в Италии за пятилетний период 1962-1967 г. |
| Первые сведения об ответственности |
By Prof. Dr. Mario Medici ..., Dr. Eng. Alberto Molli ... [and] Dr. Eng. Luigi Chiappa ... |
| Язык параллельного заглавия |
французский |
| -- |
русский |
| 210 ## - ПУБЛИКАЦИЯ, РАСПРОСТРАНЕНИЕ И ДР. |
| Место издания, распространения и т.д. |
[M. |
| Дата издания, распространения и т.д. |
1968] |
| 215 ## - ФИЗИЧЕСКАЯ ХАРАКТЕРИСТИКА |
| Специфическое обозначение материала и объем |
10 с. |
| Размеры |
21 см |
| 225 1# - СЕРИЯ |
| Основное заглавие серии |
Paper |
| Сведения об ответственности |
VIII World power conference, Москва, 20-24 авг. 1968. Section F |
| Обозначение тома |
37 |
| 300 ## - ОБЩИЕ ПРИМЕЧАНИЯ |
| Текст примечания |
Без тит. л. и обл. |
| 300 ## - ОБЩИЕ ПРИМЕЧАНИЯ |
| Текст примечания |
Надзаголовок также на рус. яз.: VII Мировая энергетическая конференция; и на франц. яз.: VII Conférence mondiale de l'énergie |
| 300 ## - ОБЩИЕ ПРИМЕЧАНИЯ |
| Текст примечания |
Резюме на франц. и рус. яз. |
| 309 ## - ПРИМЕЧАНИЯ ОБ ОСНОВНОМ ИСТОЧНИКЕ ИНФОРМАЦИИ И ОБ ОСОБЕННОСТЯХ ПОЛИГРАФИЧЕСКОГО ОФОРМЛЕНИЯ ИЗДАНИЯ |
| Текст примечания |
Отпеч. множит. аппаратом |
| 510 1# - ПАРАЛЛЕЛЬНОЕ ЗАГЛАВИЕ |
| Параллельное заглавие |
Évolution des installations thermiques à récupération en Italie de 1962 à 1967 |
| Язык заглавия |
французский |
| 510 1# - ПАРАЛЛЕЛЬНОЕ ЗАГЛАВИЕ |
| Параллельное заглавие |
Развитие установок по рекуперации тепла в Италии за пятилетний период 1962-1967 г. |
| Язык заглавия |
русский |
| 606 0# - НАИМЕНОВАНИЕ ТЕМЫ КАК ПРЕДМЕТ |
| Наименование темы |
Рекуператоры |
| Географический подзаголовок |
Италия |
| Системный номер авторитетной/нормативной записи |
1507710 |
| Идентификатор авторитетной/нормативной записи |
RU\NLR\AUTH\66956203 |
| 620 ## - МЕСТО И ДАТА ПУБЛИКАЦИИ, ИСПОЛНЕНИЯ И Т. Д. |
| Страна |
Москва |
| 686 ## - ИНДЕКСЫ ДРУГИХ КЛАССИФИКАЦИЙ |
| Индекс |
Т6-1738 |
| Код системы |
|
| 700 #1 - ИМЯ ЛИЦА - ПЕРВИЧНАЯ ОТВЕТСТВЕННОСТЬ |
| Начальный элемент ввода |
Medici |
| Часть имени, кроме начального элемента ввода |
M. |
| Даты |
1899- |
| Расширение инициалов личного имени |
Mario |
| 701 #1 - ИМЯ ЛИЦА - АЛЬТЕРНАТИВНАЯ ОТВЕТСТВЕННОСТЬ |
| Начальный элемент ввода |
Molli |
| Часть имени, кроме начального элемента ввода |
A. |
| Расширение инициалов личного имени |
Alberto |
| 701 #1 - ИМЯ ЛИЦА - АЛЬТЕРНАТИВНАЯ ОТВЕТСТВЕННОСТЬ |
| Начальный элемент ввода |
Chiappa |
| Часть имени, кроме начального элемента ввода |
L. |
| Расширение инициалов личного имени |
Luigi |
| 712 12 - НАИМЕНОВАНИЕ ОРГАНИЗАЦИИ - ВТОРИЧНАЯ ОТВЕТСТВЕННОСТЬ |
| Начальный элемент ввода |
World power conference |
| Порядковый номер временной организации и / или порядковый номер ее части |
7 |
| Место проведения временной организации |
Moscow |
| Дата проведения временной организации |
1968 |
| Код отношения |
Прочие |
| 801 #1 - ИСТОЧНИК ЗАПИСИ |
| Страна |
российская федерация |
| Организация |
Infocomm |
| Дата составления |
20130220 |
| 801 #0 - ИСТОЧНИК ЗАПИСИ |
| Страна |
российская федерация |
| Организация |
INFOCOMM |
| Правила каталогизации |
PSBO |
| 852 ## - МЕСТОНАХОЖДЕНИЕ И ШИФР ХРАНЕНИЯ |
| Идентификатор организации |
NLR |
| Шифр хранения (Call Number) |
Т15 Д-4/11 |
| 942 ## - ДОПОЛНИТЕЛЬНЫЕ ЭЛЕМЕНТЫ ЗАПИСИ (АБИС) |
| Тип экземпляра АБИС |
Книга |
| 980 ## - КОЛЛЕКЦИЯ |
| Название коллекции |
Национальная библиография |